[Event "Saint Affrique op 22nd"]
[Site "Saint Affrique"]
[Date "2014.07.26"]
[Round "9.6"]
[White "Navarro, Robin"]
[Black "Benmesbah, Natacha"]
[Result "0-1"]
[WhiteElo "1906"]
[BlackElo "2224"]
[PlyCount "58"]
[EventDate "2014.07.19"]
[EventType "swiss"]
[EventRounds "9"]
[EventCountry "FRA"]
[SourceTitle "CBM 161 Extra"]
[Source "ChessBase"]
[SourceDate "2014.08.29"]
[SourceVersion "1"]
[SourceVersionDate "2014.08.29"]
[SourceQuality "1"]

1. d4 Nf6 2. Bf4 e6 3. e3 c5 4. c3 Nc6 5. Nf3 d5 6. Nbd2 Bd6 7. Bg3 0-0 8. Bd3 b6 9. Ne5 Bb7 10. f4 Ne7 11. Qf3 Nf5 12. Bf2 Be7 13. g4 Nd6 14. g5 Nfe4 15. h4 cxd4 16. exd4 b5 17. Qg4 b4 18. h5 bxc3 19. bxc3 Qa5 20. Rc1 Qxa2 21. Be3 Nf5 22. Bxe4 dxe4 23. Qh3 Ba3 24. Rb1 Ba6 25. Kf2 Bb2 26. g6 fxg6 27. hxg6 h6 28. Ng4 Bxc3 29. Rbd1 Rad8 0-1

[Event "FRA-ch U16"]
[Site "Saint Paul Trois Chateaux"]
[Date "2013.04.29"]
[Round "2"]
[White "Navarro, Robin"]
[Black "Gelas, Christophe"]
[Result "1-0"]
[WhiteElo "1871"]
[BlackElo "2201"]
[PlyCount "73"]
[EventDate "2013.04.28"]
[EventType "swiss"]
[EventRounds "9"]
[EventCountry "FRA"]
[SourceTitle "CBM 154 Extra"]
[Source "ChessBase"]
[SourceDate "2013.06.25"]
[SourceVersion "2"]
[SourceVersionDate "2013.06.25"]
[SourceQuality "1"]

1. d4 d5 2. Nf3 Nf6 3. Bf4 c5 4. e3 Nc6 5. c3 e6 6. Nbd2 Bd6 7. Bg3 0-0 8. Bd3 Re8 9. Ne5 Bxe5 10. dxe5 Nd7 11. f4 c4 12. Bc2 Qb6 13. 0-0 Qxb2 14. Rf3 Qxc3 15. Be1 g6 16. Rh3 Qa3 17. Bh4 Ne7 18. g4 Kf8 19. Bg5 Ng8 20. Qe1 f6 21. Rxh7 fxg5 22. fxg5 Re7 23. Bxg6 Rxh7 24. Qf2+ Ke7 25. Bxh7 Nxe5 26. Bxg8 Bd7 27. Qf6+ Kd6 28. Qf4 Qb2 29. Rd1 Kc6 30. Bh7 Be8 31. e4 Qd4+ 32. Kg2 Nd3 33. exd5+ Kxd5 34. Qf3+ Kc5 35. Bxd3 Bc6 36. Be4 c3 37. Nb3+ 1-0

[Event "Saint Affrique op 19th"]
[Site "Saint Affrique"]
[Date "2011.07.23"]
[Round "1"]
[White "Navarro, Robin"]
[Black "Milliet, Sophie"]
[Result "0-1"]
[WhiteElo "1746"]
[BlackElo "2355"]
[PlyCount "44"]
[EventDate "2011.07.23"]
[EventType "swiss"]
[EventRounds "9"]
[EventCountry "FRA"]
[SourceTitle "CBM 143 Extra"]
[Source "ChessBase"]
[SourceDate "2011.08.29"]
[SourceVersion "1"]
[SourceVersionDate "2011.08.29"]
[SourceQuality "1"]

1. e4 d6 2. d4 Nf6 3. Nc3 Nbd7 4. Nf3 e5 5. d5 Be7 6. Bb5 a6 7. Ba4 b5 8. Bb3 b4 9. Na4 Nxe4 10. 0-0 0-0 11. Qe1 Nec5 12. Nxc5 Nxc5 13. Qxb4 Kh8 14. Be3 a5 15. Qd2 Ba6 16. Rfe1 a4 17. Bxc5 axb3 18. Bb4 bxa2 19. Rxa2 Bb7 20. Rxa8 Bxa8 21. c4 Qd7 22. Bc3 Bb7 0-1